[Event "GRE-ch U14 Girls"]
[Site "Greece"]
[Date "2001.04.08"]
[Round "3"]
[White "Mavroidi, Ourania"]
[Black "Siorokou, L."]
[Result "1-0"]
[WhiteElo "1340"]
[BlackElo "1320"]
[PlyCount "71"]
[EventDate "2001.04.??"]
[EventType "swiss"]
[EventRounds "7"]
[EventCountry "GRE"]
[SourceTitle "EXT 2003"]
[Source "ChessBase"]
[SourceDate "2002.11.25"]
[SourceVersion "1"]
[SourceVersionDate "2002.11.25"]
[SourceQuality "1"]

1. e4 d5 2. exd5 Qxd5 3. Nc3 Qa5 4. Nf3 e5 5. Qe2 Nd7 6. d4 Bd6 7. g3 b6 8. Bf4 Bb4 9. Qe3 Bxc3+ 10. bxc3 Bb7 11. dxe5 0-0-0 12. Bh3 Bd5 13. Qd3 Bxf3 14. Qxf3 Kb8 15. Bg2 c6 16. Qxc6 Qa6 17. Qa8+ Kc7 18. e6+ Ne5 19. Bxe5+ Rd6 20. Bxd6+ Kxd6 21. Qc6+ Ke7 22. c4 Qa5+ 23. Kd1 fxe6 24. Re1 Qf5 25. Be4 Qe5 26. Rb1 Nf6 27. Rb5 Rd8+ 28. Bd3 Rxd3+ 29. cxd3 Qa1+ 30. Ke2 Qd4 31. h3 Qd8 32. Re5 Kf7 33. Kf1 Qxd3+ 34. Kg2 Kg6 35. Qxe6 Qd4 36. Qf5+ 1-0

[Event "GRE-ch U14 Girls"]
[Site "Greece"]
[Date "2001.04.07"]
[Round "1"]
[White "Polizou, Hristina"]
[Black "Siorokou, L."]
[Result "1-0"]
[WhiteElo "1630"]
[BlackElo "1320"]
[PlyCount "113"]
[EventDate "2001.04.??"]
[EventType "swiss"]
[EventRounds "7"]
[EventCountry "GRE"]
[SourceTitle "EXT 2003"]
[Source "ChessBase"]
[SourceDate "2002.11.25"]
[SourceVersion "1"]
[SourceVersionDate "2002.11.25"]
[SourceQuality "1"]

1. d4 d5 2. Nf3 Nc6 3. Bf4 Bf5 4. e3 Nf6 5. c3 Bg4 6. Nbd2 Ne4 7. Qa4 Bd7 8. Qb3 Bc8 9. Nxe4 dxe4 10. Ng5 e6 11. Nxe4 Qd5 12. Qxd5 exd5 13. Ng3 Bd6 14. Bxd6 cxd6 15. Bd3 g6 16. e4 Be6 17. 0-0 0-0 18. a3 f5 19. exf5 gxf5 20. Rfe1 Nd8 21. f4 Rb8 22. Re2 Rf6 23. Rae1 Rc8 24. Bc2 b5 25. Bb3 Kf7 26. Nf1 h5 27. g3 Nc6 28. Ne3 Rg6 29. Bxd5 Bxd5 30. Nxd5 Rf8 31. Ne7 Nxe7 32. Rxe7+ Kg8 33. Rxa7 h4 34. Kg2 Rf7 35. Rxf7 Kxf7 36. Kf3 hxg3 37. hxg3 Rg8 38. Re2 Rc8 39. Rh2 Kg6 40. g4 Rf8 41. gxf5+ Rxf5 42. Rg2+ Kf7 43. Rg5 Rf6 44. Rxb5 Rh6 45. Rg5 Rh1 46. Rg2 Rh3+ 47. Ke4 Rh8 48. Kd5 Ke7 49. f5 Rh5 50. Rf2 Kd7 51. Ke4 Rh4+ 52. Kd3 d5 53. f6 Rh8 54. f7 Rf8 55. c4 dxc4+ 56. Kxc4 Ke7 57. b4 1-0